| 000 | 02238nma a22002777a 4500 | ||
|---|---|---|---|
| 005 | 20210325195633.0 | ||
| 006 | g q || | ||
| 008 | s2549 th tha d | ||
| 041 | _atha | ||
| 090 | _aCD794 | ||
| 110 | 0 | _aสถาบันบัณฑิตพัฒนบริหารศาสตร์ | |
| 245 | 1 | 0 | _aสัมมนา "วิสัยทัศน์นิด้า : อนาคตประเทศไทย ประเด็นท้าทาย ความเสี่ยงและทางเลือก" 40 ปี แห่งการสถาปนา สถาบันบัณฑิตพัฒนบริหารศาสตร์ [CD-ROM] |
| 260 | 3 |
_aกรุงเทพฯ : _bสถาบันบัณฑิตพัฒนบริหารศาสตร์, _c2549 |
|
| 300 | _a1 แผ่นsd., col. | ||
| 610 | _aกระทรวงศึกษาธิการ. สถาบันบัณฑิตพัฒนบริหารศาสตร์ | ||
| 650 | 0 | 4 | _aเทคโนโลยีสารสนเทศ -- แง่ยุทธศาสตร์ -- สัมมนา |
| 650 | 0 | 4 | _aไทย -- ภาวะทางสังคม -- สัมมนา |
| 650 | 0 | 4 | _aการเมือง -- การมีส่วนร่วมของประชาชน -- สัมมนา |
| 650 | 0 | 4 | _aไทย -- ภาวะเศรษฐกิจ -- สัมมนา |
| 650 | 0 | 4 | _aสถาบันบัณฑิตพัฒนบริหารศาสตร์ -- ผลงาน |
| 650 | 0 | 4 | _aสถาบันบัณฑิตพัฒนบริหารศาสตร์ -- ผลงานไทย -- ภาวะเศรษฐกิจ -- สัมมนาการเมือง -- การมีส่วนร่วมของประชาชน -- สัมมนาไทย -- ภาวะทางสังคม -- สัมมนาเทคโนโลยีสารสนเทศ -- แง่ยุทธศาสตร์ -- สัมมนา |
| 850 | _aNALT | ||
| 942 | _cCD | ||
| 997 |
_c000000000047774 _kVC |
||
| 998 | _aน.ส.อรอุษา โอภาสมงคลชัย | ||
| 999 |
_c47774 _d47774 |
||